000 00515ntaaa2200193 4500
003 01
005 20251027201830.0
008 0714s1973 ag 01
040 _aAR-BaBN
_bspa
_cAR-BaBN
_eaacr
_dRIC
082 _a244.0000 U12
100 _aUlfers, Siebold
_916809
245 _aEn una aldea de Holanda
250 _a1 ed.
260 _aBuenos Aires :
_bJunta Bautista de Publicaciones,
_cc1963
300 _a175 p
500 _aEj. 1 (14982) libro perdido y pagado 8/L77
650 _anovela
_96781
942 _cBK
999 _c13024
_d13024